Statistiques concernant Vocabulaire Anglais : Fruits, vegetables, kitchen

Cliquez ici pour prendre le quiz!

Statistiques générales

  • Ce quiz a été pris 125 fois
  • Le résultat moyen est 8 sur 40

Statistiques - réponses

FrançaisHintRéponse% Correct
BioO_______Organic
67%
PoubelleB_____Bin
66%
MûreB_________Blackberry
56%
MandarineT_________Tangerine
39%
PourriR________Rotten
35%
PamplemousseG_________Grapefruit
33%
ChouC___________Cabbage
32%
PruneP____Plum
32%
GrenadeP___________Pomegranate
32%
BouilloireK________Kettle
30%
PoireauL____Leek
29%
CouvercleL___Lid
29%
Choux de BruxellesB_______ ________Brussel sprouts
28%
TablierA________Apron
24%
NavetT________Turnip
24%
BetteraveB___________Beetroot
23%
CassisB_____________Blackcurrant
20%
EchaloteS________Shallot
20%
Pichet/CrucheJ___Jug
18%
EconomeP_______Peeler
18%
RobinetT_____Tap
18%
GroseilleR___________Redcurrant
16%
ArgenterieS_____________Silverware
16%
Rape à fromageC______ ________Cheese grater
14%
Haricots vertsF______ ______French beans
13%
PépinP____Pip
11%
CourgeS________Squash
11%
Epi de maïsE____ __ ____Ear of corn
10%
TopinambourJ_________ __________Jerusalem artichoke
10%
TorchonsT___ ________Tea towels
10%
LoucheL________Ladle
9%
Tire-bouchonC__________Corkscrew
8%
VaisselleC___________Crockery
8%
ManiquesO____ _____Oven mitts
8%
Film alimentaireC___________Clingfilm
6%
FournéeB_______Batch
5%
PassoireC_______Colander
5%
SoucoupeS________Saucer
5%
FaitoutS__________Stewpot
4%
HotteC_______ _______Cooker hood
3%

Distribution des résultats

Percentile par nombre de réponses

% des personnes avec chaque résultat

Votre développement - résultats

Vous n’avez pas pris ce quiz